000 00725cam a2200253 i 4500
001 000009577
005 20200929161630.0
008 790628s1993 sp 000 1 spa
010 _a79355537
015 _aSp***
020 _a8408002910
040 _aDO-SdBNP
_cDLC
_dBNPHU
082 _a863.64
_bM364m
100 1 _aMarsé, Juan,
_d1933-
_921688
245 1 3 _aLa muchacha de las bragas de oro :
_bnovela /
_cJuan Marsé.
260 _aBarcelona :
_bPlaneta,
_c1993.
300 _a200 p. ;
_c19 cm.
490 1 _aPlaneta bolsillo
_v21
650 4 _aNovela española
_91123
650 4 _aLiteratura española
_9632
830 0 _aPlaneta bolsillo ;
_v21
_921739
910 _aCatalogación por copia / LC
049 _aBNGR
999 _c9337
_d9337